Magic artist : how to draw the little mermaid / (Record no. 12246)
[ view plain ]
| 000 -LEADER | |
|---|---|
| fixed length control field | 00676nam a22002177a 4500 |
| 003 - CONTROL NUMBER IDENTIFIER | |
| control field | PILC |
| 005 - DATE AND TIME OF LATEST TRANSACTION | |
| control field | 20151020153642.0 |
| 008 - FIXED-LENGTH DATA ELEMENTS--GENERAL INFORMATION | |
| fixed length control field | 130927t xxu||||| |||| 00| 0 eng d |
| 020 ## - INTERNATIONAL STANDARD BOOK NUMBER | |
| International Standard Book Number | 9780721484839 |
| 050 ## - LIBRARY OF CONGRESS CALL NUMBER | |
| Classification number | NC 730 |
| Item number | .D612 2003 |
| 082 ## - DEWEY DECIMAL CLASSIFICATION NUMBER | |
| Classification number | NC 730 |
| Item number | .D612 2003 |
| 245 ## - TITLE STATEMENT | |
| Title | Magic artist : how to draw the little mermaid / |
| 260 ## - PUBLICATION, DISTRIBUTION, ETC. (IMPRINT) | |
| Place of publication, distribution, etc | Australia : |
| Name of publisher, distributor, etc | Ladybird, |
| Date of publication, distribution, etc | c2003. |
| 300 ## - PHYSICAL DESCRIPTION | |
| Extent | 32 p. : |
| Other physical details | ill., col, |
| Dimensions | 28 cm. |
| 440 ## - SERIES STATEMENT/ADDED ENTRY--TITLE | |
| Title | How to draw |
| 9 (RLIN) | 21975 |
| 650 ## - SUBJECT ADDED ENTRY--TOPICAL TERM | |
| Topical term or geographic name as entry element | Little mermaid (Motion picture) |
| 9 (RLIN) | 21976 |
| 650 ## - SUBJECT ADDED ENTRY--TOPICAL TERM | |
| Topical term or geographic name as entry element | Cartoon characters |
| General subdivision | Juvenile literature |
| 9 (RLIN) | 21977 |
| 650 ## - SUBJECT ADDED ENTRY--TOPICAL TERM | |
| Topical term or geographic name as entry element | Drawing |
| General subdivision | Technique |
| -- | Juvenile literature |
| 9 (RLIN) | 21978 |
| 942 ## - ADDED ENTRY ELEMENTS (KOHA) | |
| Source of classification or shelving scheme | Library of Congress Classification |
| Koha item type | Books |
| Withdrawn status | Lost status | Source of classification or shelving scheme | Damaged status | Home library | Current library | Shelving location | Date acquired | Total Checkouts | Full call number | Barcode | Date last seen | Copy number | Price effective from | Koha item type |
|---|---|---|---|---|---|---|---|---|---|---|---|---|---|---|
| Library of Congress Classification | Luxembourg Library | Luxembourg Library | Grade School Section | 09/28/2013 | NC 730 .D612 2003 | 14708 | 04/10/2017 | 1 | 10/03/2013 | Books |